[Event "?"]
[Site "ICS rated blitz match, 192.23"]
[Date "1997.??.??"]
[Round "?"]
[White "Brause"]
[Black "MoonShot"]
[Result "0-1"]
[WhiteElo "2515"]
[BlackElo "2455"]
[PlyCount "126"]

1. e4 e5 2. Nf3 Nc6 3. Nc3 Nf6 4. Nxe5 Nxe5 5. d4 Ng6 6. e5 Ng8 7. Bc4 Bb4 8.
Qf3 Qe7 9. O-O Bxc3 10. bxc3 Rb8 11. Re1 b5 12. Rb1 a6 13. Qg3 Rb6 14. Bg5 Qf8
15. e6 Rxe6 16. Qxc7 N8e7 17. Bxe6 fxe6 18. d5 Kf7 19. c4 Qd8 20. Qxd8 Rxd8 21.
d6 bxc4 22. dxe7 Nxe7 23. Rb4 d5 24. f4 h6 25. Bxe7 Kxe7 26. h4 Kd6 27. g3 Kc5
28. Rbb1 Kd4 29. Kf2 Kc3 30. Rbc1 Bd7 31. h5 Rb8 32. a3 Rb2 33. Re2 d4 34. g4
Ba4 35. Rxe6 d3 36. Rg1 Rxc2+ 37. Kf3 d2 38. Rd1 Rb2 39. Rxd2 Kxd2 40. Rd6+ Kc1
41. Rxa6 Bd1+ 42. Ke4 c3 43. Ra7 c2 44. Kf5 Kb1 45. Rc7 c1=Q 46. Rxc1+ Kxc1 47.
Kg6 Rb6+ 48. Kxg7 Bxg4 49. f5 Bxf5 50. Kf7 Bg4 51. a4 Bxh5+ 52. Ke7 Ra6 53. Kd7
Be8+ 54. Kxe8 Rxa4 55. Kf7 Ra6 56. Ke7 h5 57. Kd7 h4 58. Kc7 h3 59. Kb7 Rg6 60.
Kc7 h2 61. Kd7 h1=Q 62. Ke7 Qh7+ 63. Kd8 Rg8# 0-1

[Event "?"]
[Site "ICS rated blitz match, 192.23"]
[Date "1997.??.??"]
[Round "?"]
[White "Brause"]
[Black "waterball"]
[Result "1-0"]
[WhiteElo "2595"]
[BlackElo "2630"]
[PlyCount "23"]

1. e4 e5 2. Nf3 Nc6 3. Nc3 Nf6 4. Nxe5 Nxe5 5. d4 Nc6 6. d5 Nb4 7. a3 Na6 8. e5
Ng8 9. Qf3 d6 10. Bb5+ Bd7 11. e6 Bxb5 12. Qxf7# 1-0

[Event "?"]
[Site "ICS rated blitz match, 192.23"]
[Date "1997.??.??"]
[Round "?"]
[White "Brause"]
[Black "Lonnie"]
[Result "0-1"]
[WhiteElo "2595"]
[BlackElo "2690"]
[PlyCount "72"]

1. e4 e5 2. Nf3 Nc6 3. Nc3 Nf6 4. Nxe5 Nxe5 5. d4 Ng6 6. e5 Ng8 7. Bc4 Bb4 8.
Qf3 Bxc3+ 9. bxc3 f5 10. h4 N6e7 11. Bxg8 Nxg8 12. Qxf5 Ne7 13. Qh5+ g6 14. Qg5
d5 15. h5 Bf5 16. hxg6 Bxg6 17. Qd2 Qc8 18. Ba3 Qe6 19. O-O-O O-O-O 20. Qg5 Nc6
21. Rh6 Rhg8 22. Rdh1 Na5 23. Bc5 Qd7 24. Be7 Be4 25. e6 Qa4 26. Qd2 Nc4 27.
R6h3 Nxd2 28. Kxd2 Qxc2+ 29. Ke1 Bxg2 30. Bxd8 Bxh3 31. Bg5 Rxg5 32. e7 Qxc3+
33. Ke2 Bg4+ 34. Kf1 Qd3+ 35. Kg1 Bd7+ 36. Kh2 Qh3# 0-1

[Event "?"]
[Site "ICS rated blitz match, 192.23"]
[Date "1997.??.??"]
[Round "?"]
[White "Brause"]
[Black "Lonnie"]
[Result "0-1"]
[WhiteElo "2585"]
[BlackElo "2700"]
[PlyCount "90"]

1. e4 e5 2. Nf3 Nc6 3. Nc3 Nf6 4. Nxe5 Nxe5 5. d4 Ng6 6. e5 Ng8 7. Bc4 Bb4 8.
Qf3 Bxc3+ 9. bxc3 f5 10. h4 N6e7 11. Bxg8 Nxg8 12. Qxf5 Ne7 13. Qh5+ g6 14. Qg5
d5 15. h5 Bf5 16. hxg6 Bxg6 17. Qd2 Qc8 18. Ba3 Qe6 19. O-O-O O-O-O 20. Qg5 Nc6
21. f4 Be4 22. Rhg1 Rhg8 23. Qh5 Rg3 24. Bb2 Rdg8 25. Rd2 Bxg2 26. f5 Bf3 27.
Rxg3 Bxh5 28. fxe6 Rxg3 29. Rf2 Kd8 30. Rf1 Bg6 31. Rf7 Bxf7 32. exf7 Ke7 33.
e6 Kf8 34. Kd2 Ne7 35. c4 dxc4 36. d5 Nxd5 37. Bd4 b6 38. Kc1 Rg6 39. a4 Rxe6
40. a5 c3 41. Kd1 bxa5 42. Bxa7 Nb6 43. Bb8 Nc4 44. Bxc7 Nb2+ 45. Kc1 Re1# 0-1

[Event "?"]
[Site "ICS rated blitz match, 192.23"]
[Date "1997.??.??"]
[Round "?"]
[White "Brause"]
[Black "agro"]
[Result "1-0"]
[WhiteElo "2580"]
[BlackElo "2480"]
[PlyCount "77"]

1. e4 e5 2. Nf3 Nc6 3. Nc3 Nf6 4. Nxe5 Nxe5 5. d4 Ng6 6. e5 Ng8 7. Bc4 d6 8.
Qf3 Qd7 9. O-O dxe5 10. dxe5 c6 11. Re1 Qc7 12. Bg5 Be6 13. Bxe6 fxe6 14. Rad1
Qf7 15. Qd3 Qc7 16. Qf3 Qf7 17. Qxf7+ Kxf7 18. Rd7+ Be7 19. Ne4 b6 20. Nd6+ Kf8
21. Re3 Bxd6 22. exd6 e5 23. Rf3+ Nf6 24. Bxf6 gxf6 25. Rxf6+ Ke8 26. Rg7 Rd8
27. Re6+ Kf8 28. Rxa7 Nf4 29. Rf6+ Kg8 30. Kf1 Nd5 31. Re6 b5 32. a4 bxa4 33.
Rxe5 h6 34. Ra6 Nb4 35. Rxa4 Nxc2 36. Re2 Rxd6 37. Re8+ Kg7 38. Rg4+ Kf7 39.
Rxh8 1-0

[Event "?"]
[Site "ICS rated blitz match, 192.23"]
[Date "1997.??.??"]
[Round "?"]
[White "Brause"]
[Black "nyul"]
[Result "1-0"]
[WhiteElo "2690"]
[BlackElo "2010"]
[PlyCount "117"]

1. e4 e5 2. Nf3 Nc6 3. Nc3 Nf6 4. Nxe5 Nxe5 5. d4 Ng6 6. e5 Bb4 7. exf6 Qxf6 8.
Bc4 O-O 9. O-O Bxc3 10. bxc3 d6 11. Bd3 Bf5 12. Qf3 Bxd3 13. Qxf6 gxf6 14. cxd3
Rfe8 15. Bh6 d5 16. Rfb1 b6 17. Kf1 Ne7 18. Re1 Nf5 19. Bf4 Nd6 20. Bxd6 cxd6
21. Rab1 Rxe1+ 22. Kxe1 Kf8 23. Kd2 Ke7 24. a4 Kd7 25. Re1 Rg8 26. g3 Rb8 27.
Rb1 Kc6 28. Ke3 Re8+ 29. Kf3 Re7 30. h3 Re6 31. Rc1 Re7 32. Rg1 a6 33. Rb1 Re8
34. Ra1 Re7 35. Rf1 Re8 36. Rh1 Re7 37. Ra1 Re8 38. Rd1 Re7 39. Rh1 Re8 40. Rc1
Re7 41. h4 Re8 42. Rb1 Re7 43. Ra1 Re8 44. Rg1 Re7 45. Rh1 Re8 46. Rf1 Re7 47.
Rd1 Re8 48. Kf4 Re2 49. f3 Ra2 50. Kf5 Rxa4 51. Kxf6 Ra3 52. Kxf7 Rxc3 53. Kg7
b5 54. h5 b4 55. Kxh7 b3 56. h6 b2 57. Rb1 Rxd3 58. g4 Rxf3 59. g5 1-0

[Event "?"]
[Site "ICS rated blitz match, 192.23"]
[Date "1997.??.??"]
[Round "?"]
[White "Brause"]
[Black "MoonShot"]
[Result "1-0"]
[WhiteElo "2675"]
[BlackElo "2580"]
[PlyCount "67"]

1. e4 e5 2. Nf3 Nc6 3. Nc3 Nf6 4. Nxe5 Nxe5 5. d4 Ng6 6. e5 Ng8 7. Bc4 Bb4 8.
Qf3 Qe7 9. O-O Bxc3 10. bxc3 Rb8 11. Re1 b5 12. Rb1 a6 13. Qg3 Bb7 14. Bg5 Qa3
15. e6 dxe6 16. Qxc7 Rc8 17. Qxb7 Rxc4 18. Qa8+ Kd7 19. Qd8+ Kc6 20. Qe8+ Kb6
21. Qxf7 Nf6 22. Rxe6+ Rc6 23. c4 Rf8 24. c5+ Ka5 25. Bd2+ b4 26. Qb7 Rxe6 27.
Bxb4+ Ka4 28. Bxa3 Rb8 29. Qxb8 Re1+ 30. Rxe1 Nd5 31. Qb3+ Ka5 32. c4 Ngf4 33.
Bb4+ Nxb4 34. Qa3# 1-0

[Event "?"]
[Site "ICS rated blitz match, 192.23"]
[Date "1997.??.??"]
[Round "?"]
[White "Brause"]
[Black "Ego-crusher"]
[Result "1-0"]
[WhiteElo "2630"]
[BlackElo "2660"]
[PlyCount "126"]

1. e4 e5 2. Nf3 Nf6 3. Nc3 Nc6 4. Nxe5 Nxe5 5. d4 Ng6 6. e5 Ng8 7. Bc4 Bb4 8.
Qf3 Bxc3+ 9. bxc3 Qe7 10. O-O a5 11. Be3 f6 12. exf6 Qxf6 13. Qh5 h6 14. f4 Kd8
15. Rae1 d6 16. Qf3 N8e7 17. Rf2 d5 18. Bd3 h5 19. Qd1 Bg4 20. Qb1 Ra7 21. Qb5
Bd7 22. Qc5 b6 23. Qa3 Re8 24. Bd2 c6 25. Rb1 Rb7 26. c4 dxc4 27. Bxc4 Nf5 28.
Ba6 Rb8 29. d5 cxd5 30. Bxa5 Qc6 31. Qf3 Kc7 32. Bb4 Ra8 33. Bd3 Rxa2 34. Qxh5
Qf6 35. Qg4 Ra1 36. Rxa1 Qxa1+ 37. Bf1 Nge7 38. Qf3 Nd4 39. Qd3 Nef5 40. Bc3
Qa4 41. g4 Re3 42. Qd2 Nf3+ 43. Rxf3 Rxf3 44. gxf5 Bb5 45. Bg2 Qc4 46. Be5+ Kc8
47. h4 Rg3 48. Kh2 Rg4 49. f6 Bd7 50. f7 Qc5 51. Qc3 Rxh4+ 52. Kg3 Qxc3+ 53.
Bxc3 Rh8 54. Bxg7 Rd8 55. Bxd5 Bf5 56. c4 Bg6 57. f8=Q Rxf8 58. Be6+ Kc7 59.
Bxf8 Bd3 60. f5 b5 61. f6 Bg6 62. f7 Kb6 63. Bc5+ Kxc5 1-0

[Event "?"]
[Site "ICS rated blitz match, 192.23"]
[Date "1997.??.??"]
[Round "?"]
[White "Brause"]
[Black "Ego-crusher"]
[Result "1/2-1/2"]
[WhiteElo "2630"]
[BlackElo "2660"]
[PlyCount "153"]

1. e4 e5 2. Nf3 Nf6 3. Nc3 Nc6 4. Nxe5 Nxe5 5. d4 Ng6 6. e5 Ng8 7. Bc4 Bb4 8.
Qf3 Bxc3+ 9. bxc3 Qe7 10. O-O a5 11. a4 Nh6 12. Re1 Ra7 13. Qg3 Nf5 14. Qd3 d5
15. Bxd5 Qd8 16. Qb5+ c6 17. Qc5 Ra8 18. Be4 Nfe7 19. Bg5 h6 20. Bf6 O-O 21.
Bxg6 gxf6 22. Be4 fxe5 23. Qxe5 Ng6 24. Qh5 Kg7 25. Re3 f5 26. Rg3 Qf6 27. Bd3
Kh7 28. Re1 Nf4 29. Qg4 Nd5 30. c4 Kh8 31. Qg6 Qxg6 32. Rxg6 Nf4 33. Rxh6+ Kg7
34. Rh4 Ng6 35. Rh3 c5 36. dxc5 Bd7 37. Rh5 Rae8 38. Rb1 Nf4 39. Rh4 Ne6 40.
Rxb7 Nxc5 41. Rb1 Bxa4 42. Ra1 Rf6 43. h3 Ref8 44. Rd4 Bc6 45. Rxa5 Nb7 46. Re5
Rg6 47. g3 Rgf6 48. f4 R8f7 49. c5 Rf8 50. Rb4 R8f7 51. Rb1 Kh6 52. Rb6 Nd8 53.
Rb8 Rf8 54. Bxf5 Rxf5 55. Rxd8 Rxd8 56. Rxf5 Kg7 57. h4 Rd2 58. Rg5+ Kf7 59. c3
Rg2+ 60. Kf1 Rc2 61. h5 Be4 62. Re5 Bf3 63. Ke1 Rh2 64. Rg5 Rxh5 65. Kd2 Rxg5
66. fxg5 Be4 67. Ke3 Bh7 68. Kd4 Ke6 69. c6 Kd6 70. c7 Bf5 71. g6 Kxc7 72. g7
Be6 73. Ke5 Bc4 74. Kf6 Kd7 75. Kg6 Bg8 76. g4 Ke7 77. g5 1/2-1/2

[Event "?"]
[Site "ICS rated blitz match, 192.23"]
[Date "1997.??.??"]
[Round "?"]
[White "Brause"]
[Black "Ego-crusher"]
[Result "1-0"]
[WhiteElo "2635"]
[BlackElo "2660"]
[PlyCount "89"]

1. e4 e5 2. Nf3 Nf6 3. Nc3 Nc6 4. Nxe5 Nxe5 5. d4 Ng6 6. e5 Ng8 7. Bc4 Bb4 8.
Qf3 Bxc3+ 9. bxc3 Qe7 10. O-O Rb8 11. Re1 b6 12. Qg3 h6 13. h4 b5 14. Bd5 Kf8
15. a4 b4 16. h5 Nh4 17. cxb4 Nf5 18. Qf4 d6 19. Bd2 Qg5 20. exd6 Nxd6 21. Qxg5
hxg5 22. c4 Rxh5 23. c5 Nb7 24. f3 Nf6 25. Bc4 Nd8 26. g4 Rh8 27. d5 Nd7 28. c6
Nb6 29. Bb3 f6 30. Be3 Nf7 31. a5 Ne5 32. Bc5+ Kf7 33. d6+ Nbc4 34. dxc7 Ra8
35. Rxe5 fxe5 36. Bxc4+ Kg6 37. Rd1 Rh3 38. Rd6+ Kh7 39. Bd3+ g6 40. Rd7+ Kg8
41. Bc4+ Kh8 42. Bd6 Bxd7 43. Bxe5+ Kh7 44. cxd7 Kh6 45. c8=Q 1-0

[Event "?"]
[Site "ICS rated blitz match, 192.23"]
[Date "1997.??.??"]
[Round "?"]
[White "Brause"]
[Black "agro"]
[Result "1/2-1/2"]
[WhiteElo "2655"]
[BlackElo "2440"]
[PlyCount "139"]

1. e4 e5 2. Nf3 Nc6 3. Nc3 Nf6 4. Nxe5 Nxe5 5. d4 Ng6 6. e5 Ng8 7. Bc4 d6 8.
Qf3 Qd7 9. O-O c6 10. exd6 Bxd6 11. Re1+ Kd8 12. Qxf7 Qxf7 13. Bxf7 Nf6 14. d5
cxd5 15. Nxd5 Rf8 16. Bxg6 hxg6 17. Bf4 Bxf4 18. Nxf4 Bf5 19. Rad1+ Kc7 20.
Re7+ Kc6 21. Ne6 Rfc8 22. Nd4+ Kb6 23. c3 Rc7 24. Nxf5 gxf5 25. Rd6+ Rc6 26.
Rxc6+ Kxc6 27. Rxg7 Rd8 28. Kf1 Ne4 29. f3 Nd6 30. Kf2 Nc4 31. b3 Rd2+ 32. Ke1
Rxa2 33. bxc4 a5 34. h4 a4 35. Rg8 a3 36. Rc8+ Kb6 37. Ra8 Rxg2 38. Rxa3 Kc5
39. Rb3 Kxc4 40. Rxb7 Kxc3 41. Kf1 Rh2 42. Rh7 Kd4 43. Kg1 Ra2 44. Re7 Kd5 45.
h5 Kd6 46. Rb7 Ke5 47. h6 Ra6 48. h7 Rh6 49. Kg2 Kf4 50. Rg7 Rh5 51. Rd7 Rg5+
52. Kf2 Rh5 53. Rc7 Rh2+ 54. Kg1 Rh5 55. Kg2 Rg5+ 56. Kf2 Rh5 57. Ra7 Rh2+ 58.
Kg1 Rh5 59. Kg2 Rg5+ 60. Kf2 Rh5 61. Rd7 Rh2+ 62. Kg1 Rh5 63. Rb7 Kxf3 64. Rg7
f4 65. Rf7 Rg5+ 66. Kf1 Rh5 67. Ke1 Rh1+ 68. Kd2 Kg4 69. Kd3 Kg5 70. Ke4
1/2-1/2

[Event "?"]
[Site "ICS rated blitz match, 192.23"]
[Date "1997.??.??"]
[Round "?"]
[White "Brause"]
[Black "agro"]
[Result "1-0"]
[WhiteElo "2655"]
[BlackElo "2445"]
[PlyCount "81"]

1. e4 e5 2. Nf3 Nc6 3. Nc3 Nf6 4. Nxe5 Nxe5 5. d4 Ng6 6. e5 Ng8 7. Bc4 d6 8.
Qf3 Qd7 9. O-O c6 10. exd6 Bxd6 11. Re1+ Kd8 12. Qxf7 Qxf7 13. Bxf7 N8e7 14.
Ne4 Bc7 15. c4 Bf5 16. Nc5 b6 17. Ne6+ Bxe6 18. Bxe6 Nf4 19. Bxf4 Bxf4 20. c5
Rf8 21. Rad1 Kc7 22. g3 Bg5 23. Re4 Bf6 24. Rd2 Rad8 25. Bg4 bxc5 26. Rde2 cxd4
27. Rxe7+ Bxe7 28. Rxe7+ Kb6 29. Rxg7 Rfe8 30. Rxh7 Re1+ 31. Kg2 d3 32. h4 d2
33. h5 Rd4 34. Bf3 Rd3 35. Bg4 d1=Q 36. Bxd1 Rdxd1 37. h6 Rd2 38. Rf7 Re6 39.
h7 Rh6 40. g4 Rd8 41. g5 1-0

[Event "?"]
[Site "ICS rated blitz match, 192.23"]
[Date "1997.??.??"]
[Round "?"]
[White "Brause"]
[Black "agro"]
[Result "1-0"]
[WhiteElo "2660"]
[BlackElo "2435"]
[PlyCount "81"]

1. e4 e5 2. Nf3 Nc6 3. Nc3 Nf6 4. Nxe5 Nxe5 5. d4 Ng6 6. e5 Ng8 7. Bc4 d6 8.
Qf3 Qd7 9. O-O c6 10. exd6 Bxd6 11. Re1+ Kd8 12. Qxf7 Qxf7 13. Bxf7 N8e7 14.
Ne4 Bc7 15. c4 Bf5 16. Nc5 b6 17. Bg5 h6 18. Bxe7+ Nxe7 19. Ne6+ Bxe6 20. Bxe6
Bd6 21. a3 c5 22. dxc5 bxc5 23. Rad1 Kc7 24. Rd3 Rad8 25. g3 a5 26. Re4 Nc6 27.
Rde3 Rhe8 28. Bd5 Rxe4 29. Rxe4 Ne7 30. b3 Rb8 31. Re3 Nf5 32. Rf3 Rf8 33. Rd3
Ne7 34. Kf1 Nxd5 35. cxd5 Re8 36. Rf3 Re7 37. Rc3 Re5 38. Rd3 Kb6 39. h4 Re4
40. h5 Rd4 41. Ke2 1-0

[Event "?"]
[Site "ICS rated blitz match, 192.23"]
[Date "1997.??.??"]
[Round "?"]
[White "Brause"]
[Black "Ego-crusher"]
[Result "1/2-1/2"]
[WhiteElo "2670"]
[BlackElo "2660"]
[PlyCount "43"]

1. e4 e5 2. Nf3 Nf6 3. Nc3 Nc6 4. Nxe5 Nxe5 5. d4 Nc6 6. d5 Ne5 7. f4 Ng6 8. e5
Ng8 9. d6 cxd6 10. exd6 Qh4+ 11. g3 Qf6 12. Nb5 Kd8 13. Be3 b6 14. Nxa7 Qxb2
15. Rb1 Qxa2 16. Bxb6+ Ke8 17. Nb5 Rb8 18. Nc7+ Kd8 19. Ne6+ Ke8 20. Nc7+ Kd8
21. Ne6+ Ke8 22. Nc7+ 1/2-1/2

[Event "?"]
[Site "ICS rated blitz match, 192.23"]
[Date "1997.??.??"]
[Round "?"]
[White "Brause"]
[Black "Ego-crusher"]
[Result "1-0"]
[WhiteElo "2655"]
[BlackElo "2675"]
[PlyCount "141"]

1. e4 e5 2. Nf3 Nf6 3. Nc3 Nc6 4. Nxe5 Nxe5 5. d4 Ng6 6. e5 Ng8 7. Bc4 Bb4 8.
Qf3 Bxc3+ 9. bxc3 Qe7 10. O-O c6 11. a4 Nh6 12. g3 a6 13. a5 Nf8 14. Bxh6 gxh6
15. Qh5 Ne6 16. Qxh6 Qg5 17. Qxg5 Nxg5 18. Bd3 Ne6 19. Rab1 h5 20. Rb6 h4 21.
Rfb1 d6 22. exd6 Rh5 23. Be4 Kd7 24. d5 cxd5 25. Bf3 Rf5 26. Bg2 hxg3 27. fxg3
Re5 28. Rd1 Re2 29. Bxd5 Nd8 30. Rb4 Ke8 31. Rh4 Bf5 32. Bxb7 Ra7 33. Bd5 Kd7
34. Bf3 Rxc2 35. Rh5 Be6 36. Rc5 Bb3 37. h4 Rb2 38. Rd3 Be6 39. Bd1 Rb1 40. Kf2
Ra1 41. h5 f6 42. h6 Nf7 43. h7 Ra2+ 44. Ke3 Rg2 45. Ba4+ Kd8 46. Rh5 Nh8 47.
Kf3 Ra2 48. Bc6 Rg7 49. Rh6 Rxa5 50. Rxf6 Bf7 51. Be4 Ra1 52. Kg2 Ra2+ 53. Kg1
Re2 54. Bf5 Rg5 55. d7 Re1+ 56. Kf2 Ra1 57. g4 Ra2+ 58. Kg3 Rxf5 59. gxf5 Rb2
60. Rxa6 Ra2 61. Rb6 Ra8 62. Rb7 Bc4 63. Re3 Bf7 64. Kh3 Ra6 65. Rd3 Ra8 66.
Rg3 Ke7 67. d8=Q+ Kxd8 68. Rg8+ Be8 69. Rxh8 Kc8 70. Re7 Kd8 71. Rhxe8# 1-0

[Event "?"]
[Site "ICS rated blitz match, 192.23"]
[Date "1997.??.??"]
[Round "?"]
[White "Brause"]
[Black "BigBlue"]
[Result "1/2-1/2"]
[WhiteElo "2545"]
[BlackElo "2720"]
[PlyCount "156"]

1. e4 e5 2. Nf3 Nc6 3. Nc3 Nf6 4. Nxe5 Nxe5 5. d4 Nc6 6. d5 Ne5 7. f4 Ng6 8. e5
Ng8 9. d6 a6 10. h4 cxd6 11. exd6 Qb6 12. h5 Bxd6 13. hxg6 fxg6 14. Nd5 Qc6 15.
Qd4 Nf6 16. Nxf6+ gxf6 17. Be3 Bb8 18. O-O-O Ba7 19. Qd2 Bxe3 20. Qxe3+ Kd8 21.
Bd3 Re8 22. Qd4 Re7 23. f5 b6 24. fxg6 hxg6 25. Rh6 g5 26. Rxf6 Qc5 27. Qxc5
bxc5 28. Rf5 g4 29. Rxc5 Bb7 30. Rg1 Rg7 31. Bc4 Rc8 32. Rxc8+ Kxc8 33. g3 Re7
34. Kd2 a5 35. Re1 Rh7 36. Ke3 Re7+ 37. Kf2 Rh7 38. Be2 Bd5 39. a3 Rh2+ 40. Ke3
Be6 41. Ba6+ Kc7 42. Re2 Rh1 43. Bb5 Kd6 44. c3 Rg1 45. Kf2 Rc1 46. Ba4 Rh1 47.
Ke3 Kc5 48. Rd2 Re1+ 49. Kf2 Rh1 50. Bd1 d5 51. Ke3 Kd6 52. Rd4 Rh3 53. Kf4 Rh2
54. b4 Rf2+ 55. Kg5 Ra2 56. a4 axb4 57. Rxb4 Ra3 58. Rb3 Ra1 59. Bxg4 Bxg4 60.
Kxg4 Rxa4+ 61. Kf5 Ra8 62. Rb2 Rf8+ 63. Kg4 Rc8 64. Rb3 Ke5 65. Kf3 Rf8+ 66.
Ke2 Rg8 67. Kf2 Rf8+ 68. Kg2 Ke4 69. g4 Rc8 70. Kg3 Ke5 71. Ra3 Kf6 72. Kf3 Rc4
73. Rb3 Ke5 74. g5 Kf5 75. Ke3 Kxg5 76. Rb5 Rxc3+ 77. Kd4 Rf3 78. Rxd5+ Rf5
1/2-1/2

[Event "?"]
[Site "ICS rated blitz match, 192.23"]
[Date "1997.??.??"]
[Round "?"]
[White "Brause"]
[Black "Ego-crusher"]
[Result "1-0"]
[WhiteElo "2550"]
[BlackElo "2675"]
[PlyCount "137"]

1. e4 e5 2. Nf3 Nf6 3. Nc3 Nc6 4. Nxe5 Nxe5 5. d4 Ng6 6. e5 Ng8 7. Bc4 Bb4 8.
Qf3 Bxc3+ 9. bxc3 Qe7 10. O-O Qf8 11. Bg5 N8e7 12. Rfe1 Rb8 13. d5 c5 14. Qg3
Ra8 15. d6 Nc6 16. Bd5 Rb8 17. Be3 Qg8 18. Rab1 Ra8 19. Bxc5 Qf8 20. Qe3 h6 21.
Bxc6 bxc6 22. Qe4 Qg8 23. e6 fxe6 24. Qxg6+ Qf7 25. Qxf7+ Kxf7 26. Re4 Rf8 27.
Ra4 a6 28. Rf4+ Kg8 29. Rxf8+ Kxf8 30. f3 a5 31. Kf2 Ba6 32. Ke3 Kf7 33. Kd4
Kg6 34. Ke4 Rf8 35. Be3 Rf5 36. Rb8 Bf1 37. g4 Rf7 38. f4 Bg2+ 39. Kd3 Bh3 40.
Ra8 Bxg4 41. Ra7 Kh5 42. Rxa5+ Bf5+ 43. Ke2 Kg4 44. Ra8 Bxc2 45. Re8 Kh3 46.
Re7 Bg6 47. Bd4 Bh5+ 48. Ke3 g5 49. fxg5 hxg5 50. Be5 Rf5 51. Bg3 Rf7 52. a4
Kg2 53. a5 Rf3+ 54. Kd4 c5+ 55. Kc4 Re3 56. Rxd7 Be2+ 57. Kxc5 Rxc3+ 58. Kb6
Rb3+ 59. Kc7 g4 60. Re7 Rc3+ 61. Kd8 Bb5 62. Rxe6 Rd3 63. Ke7 Bc6 64. a6 Rd4
65. Be5 Rd5 66. a7 Ra5 67. Bd4 Rd5 68. Re2+ Kh3 69. Rd2 1-0

[Event "?"]
[Site "ICS rated blitz match, 192.23"]
[Date "1997.??.??"]
[Round "?"]
[White "Brause"]
[Black "CHRIS5800"]
[Result "1-0"]
[WhiteElo "2570"]
[BlackElo "1975"]
[PlyCount "51"]

1. e4 e5 2. Nf3 Nc6 3. Nc3 Nf6 4. Nxe5 Nxe5 5. d4 Nc6 6. d5 Ne5 7. f4 d6 8.
fxe5 dxe5 9. Bg5 Bd6 10. Bb5+ Bd7 11. Bxd7+ Qxd7 12. Bxf6 gxf6 13. Qf3 Be7 14.
O-O-O a6 15. Rhf1 O-O-O 16. Rd2 Qd6 17. Qh5 Rdf8 18. Qh3+ Kb8 19. Rdf2 c6 20.
dxc6 Qxc6 21. Nd5 Bc5 22. Rxf6 Qa4 23. Qc3 Rc8 24. Qxe5+ Ka8 25. Nc7+ Ka7 26.
Qxc5+ 1-0

[Event "?"]
[Site "ICS rated blitz match, 192.23"]
[Date "1997.??.??"]
[Round "?"]
[White "Brause"]
[Black "CHRIS5800"]
[Result "1/2-1/2"]
[WhiteElo "2575"]
[BlackElo "1970"]
[PlyCount "29"]

1. e4 e5 2. Nf3 Nc6 3. Nc3 Nf6 4. Nxe5 Nxe5 5. d4 Nc6 6. d5 Ne5 7. f4 Ng6 8. e5
Bc5 9. exf6 Qxf6 10. Qe2+ Kd8 11. Ne4 Qb6 12. Ng5 Qf6 13. Ne4 Qb6 14. Ng5 Qf6
15. Ne4 1/2-1/2

[Event "?"]
[Site "ICS rated blitz match, 192.23"]
[Date "1997.??.??"]
[Round "?"]
[White "Brause"]
[Black "CHRIS5800"]
[Result "1-0"]
[WhiteElo "2550"]
[BlackElo "1875"]
[PlyCount "37"]

1. e4 e5 2. Nf3 Nc6 3. Nc3 Nf6 4. Nxe5 Nxe5 5. d4 Ng6 6. e5 d5 7. exf6 gxf6 8.
Qe2+ Be6 9. Qb5+ c6 10. Qxb7 Ne7 11. Bf4 Bg7 12. Bd6 Bd7 13. O-O-O O-O 14. Re1
Re8 15. Bxe7 Rxe7 16. Rxe7 Bh6+ 17. Kb1 Qxe7 18. Qxa8+ Kg7 19. Ba6 1-0

[Event "?"]
[Site "ICS rated blitz match, 192.23"]
[Date "1997.??.??"]
[Round "?"]
[White "Brause"]
[Black "MoonShot"]
[Result "0-1"]
[WhiteElo "2550"]
[BlackElo "2540"]
[PlyCount "155"]

1. e4 e5 2. Nf3 Nc6 3. Nc3 Nf6 4. Nxe5 Nxe5 5. d4 Nc6 6. d5 Ne7 7. e5 Nfg8 8.
d6 a6 9. dxe7 Qxe7 10. Qd4 Qe6 11. Bc4 Qg6 12. O-O Ne7 13. Qf4 b5 14. Bd3 Qe6
15. Be4 Rb8 16. Be3 Ng6 17. Qg3 Bb7 18. Bxb7 Rxb7 19. f4 Ne7 20. Qf3 Qc6 21.
Qxc6 Nxc6 22. Rad1 Rb8 23. Rf2 Bb4 24. Nd5 Ba5 25. Bc5 Rg8 26. c3 Rb7 27. Rfd2
h6 28. Rd3 Bb6 29. Bxb6 cxb6 30. Kf2 Ne7 31. Ke3 Nxd5+ 32. Rxd5 Rf8 33. Rd6 Ke7
34. f5 f6 35. e6 dxe6 36. fxe6 Rc8 37. a3 Rbb8 38. R1d4 Rc5 39. Rd7+ Kxe6 40.
Rxg7 Rg5 41. Rg4 Rc8 42. R4xg5 hxg5 43. Ra7 a5 44. Rb7 Rc6 45. g3 Kf5 46. h4
Kg4 47. Rg7 Rc5 48. hxg5 fxg5 49. Rg6 Kxg3 50. Ke4 Kf2 51. Rxb6 g4 52. Kd4 Rc4+
53. Kd3 Rf4 54. Rxb5 g3 55. Rxa5 g2 56. Rg5 Rf3+ 57. Kd2 g1=R 58. Rxg1 Kxg1 59.
b3 Kf2 60. a4 Rf6 61. b4 Rd6+ 62. Kc2 Ke3 63. b5 Rd2+ 64. Kb3 Rd1 65. Kc2 Rd6
66. a5 Rd2+ 67. Kb3 Rd1 68. a6 Ra1 69. Kb4 Kd3 70. c4 Kd4 71. Kb3 Kc5 72. Kb2
Rd1 73. Kc3 Rb1 74. Kc2 Rb4 75. a7 Ra4 76. Kd3 Rxa7 77. Kc3 Ra4 78. Kd3 0-1

[Event "?"]
[Site "ICS rated blitz match, 192.23"]
[Date "1997.??.??"]
[Round "?"]
[White "Brause"]
[Black "MoonShot"]
[Result "1/2-1/2"]
[WhiteElo "2535"]
[BlackElo "2555"]
[PlyCount "95"]

1. e4 e5 2. Nf3 Nc6 3. Nc3 Nf6 4. Nxe5 Nxe5 5. d4 Nc6 6. d5 Ne5 7. f4 Ng6 8. e5
Ng8 9. d6 a6 10. h4 cxd6 11. exd6 Qf6 12. Qe2+ Qe6 13. h5 Bxd6 14. hxg6 fxg6
15. Bd2 Qxe2+ 16. Bxe2 Ne7 17. O-O-O Bb4 18. Rhe1 O-O 19. Bc4+ Kh8 20. Na4 Bd6
21. Nb6 Rb8 22. g3 Nf5 23. g4 Nh6 24. Be3 Bb4 25. c3 Ba5 26. Be2 Bxb6 27. Bxb6
Ra8 28. Bc7 Ng8 29. Be5 Nf6 30. Bf3 Ne8 31. Re4 h6 32. Rd3 a5 33. Red4 Kh7 34.
Ra4 b5 35. Bxa8 bxa4 36. Be4 Rf7 37. Bd5 Re7 38. Bf3 d6 39. Bd4 Rf7 40. Re3 Nf6
41. g5 Ng4 42. Re8 Rxf4 43. Bd5 Bf5 44. Bg8+ Kh8 45. Bb3+ Kh7 46. Bg8+ Kh8 47.
Bb3+ Kh7 48. Bg8+ 1/2-1/2

[Event "?"]
[Site "ICS rated blitz match, 192.23"]
[Date "1997.??.??"]
[Round "?"]
[White "Brause"]
[Black "Lonnie"]
[Result "0-1"]
[WhiteElo "2590"]
[BlackElo "2720"]
[PlyCount "102"]

1. e4 e5 2. Nf3 Nc6 3. Nc3 Nf6 4. Nxe5 Nxe5 5. d4 Ng6 6. e5 Ng8 7. Bc4 Bb4 8.
Qf3 Bxc3+ 9. bxc3 f5 10. h4 N6e7 11. Bxg8 Nxg8 12. Qxf5 Ne7 13. Qf3 d6 14. exd6
Qxd6 15. O-O Qd5 16. Qe3 Be6 17. Re1 Kd7 18. Qg3 Nf5 19. Qg5 h6 20. Qf4 g5 21.
hxg5 hxg5 22. Qe5 Nh4 23. f3 Rae8 24. Qf6 Rhf8 25. Qg7+ Kc8 26. Rf1 Nxg2 27.
Qxg5 Ne1 28. Qxd5 Bxd5 29. Rxe1 Rxe1+ 30. Kf2 Rfe8 31. c4 Bxc4 32. Bb2 R1e2+
33. Kg3 Rxc2 34. Ba3 Rxa2 35. Rxa2 Bxa2 36. Kg4 a5 37. f4 b5 38. Bc5 b4 39. Kf3
Bd5+ 40. Kf2 Re4 41. f5 Kd7 42. Kg3 b3 43. Ba3 Re2 44. Kf4 a4 45. f6 Ke6 46. f7
Kxf7 47. Bc5 b2 48. Bd6 cxd6 49. Kg5 Rg2+ 50. Kh4 b1=Q 51. Kh5 Qh1# 0-1

[Event "?"]
[Site "ICS rated blitz match, 192.23"]
[Date "1997.??.??"]
[Round "?"]
[White "Brause"]
[Black "Lonnie"]
[Result "0-1"]
[WhiteElo "2580"]
[BlackElo "2730"]
[PlyCount "96"]

1. e4 e5 2. Nf3 Nc6 3. Nc3 Nf6 4. Nxe5 Nxe5 5. d4 Ng6 6. e5 Ng8 7. Bc4 Bb4 8.
Qf3 Bxc3+ 9. bxc3 f5 10. Bxg8 Rxg8 11. Qxf5 d6 12. Qe4 dxe5 13. O-O Qf6 14.
dxe5 Qf5 15. Qc4 Qf7 16. Qd4 Bf5 17. Qa4+ Bd7 18. Qd4 Bc6 19. f3 Qf5 20. Ba3
Rd8 21. Qxa7 Qxc2 22. Bb4 Nf4 23. Rf2 Rd1+ 24. Rxd1 Qxd1+ 25. Rf1 Qe2 26. Qf2
Qc4 27. Qa7 Kf7 28. Qa5 b6 29. Qa7 Rc8 30. e6+ Qxe6 31. Bc5 Qg6 32. g3 Ne6 33.
Qa6 Ra8 34. Qc4 bxc5 35. Qe2 Qf6 36. Qc4 Ra4 37. Qb3 c4 38. Qb2 Ng5 39. Kf2
Bxf3 40. Ra1 Nh3+ 41. Ke3 Ra6 42. Kd2 Rd6+ 43. Ke1 Bg4 44. a4 Qe7+ 45. Kf1 Qe3
46. Qg2 Rf6+ 47. Qf3 Qxf3+ 48. Ke1 Qxc3# 0-1

[Event "?"]
[Site "ICS rated blitz match, 192.23"]
[Date "1997.??.??"]
[Round "?"]
[White "Brause"]
[Black "Lonnie"]
[Result "0-1"]
[WhiteElo "2570"]
[BlackElo "2740"]
[PlyCount "76"]

1. e4 e5 2. Nf3 Nc6 3. Nc3 Nf6 4. Nxe5 Nxe5 5. d4 Ng6 6. e5 Ng8 7. Bc4 Bb4 8.
Qf3 Bxc3+ 9. bxc3 f5 10. O-O N8e7 11. Bg5 h6 12. Be3 c6 13. Rab1 Qa5 14. Bd2 b6
15. Qd3 Bb7 16. g3 b5 17. Bb3 c5 18. Qe2 Qb6 19. e6 Qc6 20. exd7+ Kxd7 21. d5
Nxd5 22. Bxd5 Qxd5 23. f3 Rae8 24. Qxb5+ Bc6 25. Qa5 Ne5 26. Qxa7+ Ke6 27. Rbe1
Kf6 28. Rxe5 Rxe5 29. Bf4 Re2 30. Qb6 Rxc2 31. Be3 Ra8 32. Qxc5 Raxa2 33. Qxc6+
Qxc6 34. Bf2 Qc5 35. g4 Rxf2 36. g5+ hxg5 37. Rxf2 Qxf2+ 38. Kh1 Qxh2# 0-1

[Event "?"]
[Site "ICS rated blitz match, 192.23"]
[Date "1997.??.??"]
[Round "?"]
[White "Brause"]
[Black "LynyrdSkynyrd"]
[Result "1-0"]
[WhiteElo "2575"]
[BlackElo "2670"]
[PlyCount "56"]

1. e4 Nf6 2. Nc3 e5 3. Nf3 Nc6 4. Nxe5 Nxe5 5. d4 Ng6 6. e5 Ng8 7. Bc4 d6 8.
Qf3 Qd7 9. O-O dxe5 10. dxe5 Nxe5 11. Re1 Bd6 12. Bf4 f6 13. Bb5 c6 14. Rad1
Qe6 15. Qg3 Kf8 16. Bxe5 Bxe5 17. f4 cxb5 18. fxe5 Qb6+ 19. Re3 Bf5 20. Rd6 Qc5
21. Rd5 Qc7 22. Nxb5 Qb8 23. Nd4 Nh6 24. Qf4 Bg6 25. Ne6+ Kg8 26. Nxg7 Kxg7 27.
exf6+ Kg8 28. Qxh6 Qf8 1-0